000 00503nam a2200193Ia 4500
005 20250326124552.0
008 250326s9999 xx 000 0 und d
037 _aTextbook
040 _aFMSL
_beng
_cFMSL
041 _aeng
_2eng
084 _aX:8 L3
_qFMSL
100 _aDale E
_968352
245 0 _aManagement: theory and practice
_cDale E
250 _a3
260 _aNew Delhi
_bNew Delhi, McGraw-Hill
_c1973
300 _a800p
942 _cTB
_hX:8 L3
999 _c1274212
_d1274212